Very Difficult Geography Trivia #004 - Statistics

General Stats
  • This quiz has been taken 218 times
  • The average score is 16 of 70
Answer Stats
Question Answer % Correct
Which peninsula forms the bulk of Murmansk Oblast and contains major apatite deposits? It is also where the deepest human-made hole is located, created by Soviet scientists aiming to reach as far as possible into the Earth’s crust. Kola Peninsula
59%
Founded as a trade outpost by members of the Isaaq clan, what city serves as the capital of the Republic of Somaliland? Hargeisa
51%
Satirically speaking, which German city is the equivalent of Drenthe in the Netherlands, Tlaxcala in Mexico, Petah Tikva in Israel, and Zhytomyr in Ukraine? Bielefeld
50%
Which desolate coastline in northern Namibia, named for the scattered whale and seal bones along its shores, is infamous for its treacherous waters and numerous shipwrecks? Skeleton Coast
50%
The statue of John of Nepomuk is one of 30 statues and statuaries lining up what bridge over the Vltava? Touching the plaque at the base of his statue is said to bring good luck and ensure that you'll return to Prague soon. Charles Bridge
45%
A bridge with an unusual circular shape designed by Rafael Viñoly and a sculpture of a human hand emerging from the sand may both be found in what country where the Estadio Centenario is located? Uruguay
45%
What remote mountain on Baffin Island with a mythological name has the world's greatest vertical drop? Despite its remoteness, it has become a popular destination with rock climbers and BASE jumpers. Mount Thor
43%
Etymologically speaking, what English word connects the town of Červený Kostelec in Czechia, the Lalbagh fortress in Dhaka, Hongcheon County in South Korea, and Tokyo's Akabane neighborhood? Red
43%
The Amindivi Islands, the Laccadive Islands, and the atoll of Minicoy together make up which union territory whose capital is Kavaratti? Lakshadweep
41%
Russian cousins Dmitry and Khariton are the namesakes of which body of water sandwiched between the Kara Sea and the East Siberian Sea? Laptev Sea
40%
What is the southernmost city in Illinois, located at the confluence of the Ohio and Mississippi rivers? It has faced decline due to repeated floods, racial tensions, and the decrease of river-based trade. Cairo
38%
Iain Sinclair's non-fiction work "London Orbital" chronicles the author's long walk around which ring road encircling Greater London that was, upon its completion in 1986, the longest ring road in Europe? (Letter and number required) M25
35%
What granite formation in Yosemite National Park served as the inspiration for the logo of outdoors recreation company The North Face? The final ascent of this formation's lengthy Cable Route is one of the most challenging hiking trails. Half Dome
34%
The Fort of San Diego and La Quebrada, a narrow cliff ravine popular with jumpers, are tourist attractions in which city? This city was the American terminus of the Manila galleon trade route connecting Asia and the Americas. Acapulco
32%
Which Paraguayan department is named after the U.S. President who resolved a border dispute with Argentina in Paraguay’s favor following the War of the Triple Alliance? Presidente Hayes
32%
Arawa is the largest city and Buka serves as the interim capital of what Autonomous Region? Bougainville
30%
The largest Afghan province by area shares its name with what longest river in Afghanistan? Helmand
29%
Fort Zeelandia, the Garden of Palms, and the Arya Diwaker mandir are all attractions located in which world capital? Paramaribo
29%
Vilakazi Street, perhaps the only street to have housed two Nobel Peace Prize winners, is located in what Gauteng township? Soweto
27%
Thailand's second largest island after Phuket, what island in the Gulf of Thailand saw the filming of the third season of The White Lotus? Alex Garland's debut novel "The Beach" about the search for a mythical untouched beach is also set there. Ko Samui
25%
Which island group in the South China Sea, consisting of about 130 small coral islands, has a name derived from the Portuguese word for a submerged bank or reef? It also boasts the Dragon Hole, one of the deepest known blue holes. Paracel Islands
25%
The exclave of Oecusse is the only Special Administrative Region of which country? Timor-Leste
25%
Oban is the main settlement on which New Zealand island separated from South Island by the Foveaux Strait? An ongoing project aims to create a sanctuary on this island for bird species such as the tokoeka kiwi, kakapo, and yellow-eyed penguins. Stewart Island
24%
Standing at 567 meters, Usoi Dam is widely recognized as the tallest natural dam in the world. Created by a landslide in 1911, this dam is located in which present-day country? Tajikistan
24%
Which 11-kilometer-long barrier island shielding Venice from the Adriatic Sea is home to the annual Venice Film Festival? Its name has been adopted into English to mean any open-air swimming pool or beach. Lido
23%
The Pripyat Marshes (also called the Polesie Marshes and Rokitno Marshes) are also alternately named for which Belarusian city? This city is mentioned in a Tom Lehrer song that also mentions Omsk, Tomsk, Dnepropetrovsk, and Petropavlovsk. Pinsk
23%
The E45 motorway crosses what historical pass forming part of the border between Italy and Austria? The north-south Via Imperii, a vital trade route for the Holy Roman Empire, connected Rome and Venice to the Baltic Sea through this pass. Brenner Pass
22%
The French Polynesian islands of Tahiti, Bora Bora, and Huahine belong to which archipelago divided into the Windward Islands and the Leeward Islands? Society Islands
22%
Which oil-rich region along the Sudan–South Sudan border, one of the few remaining active condominiums, is currently under UN peacekeeper supervision as it remains a source of tension between the two countries? Abyei
21%
Which Newfoundland peninsula is thought to derive its name from the Arthurian "Isle of Apples"? A California location with this name has been historically associated with chewing gum magnate William Wrigley. Avalon
21%
What river forms much of the southern half of the Alabama-Georgia border before emptying into the Gulf of Mexico? It is notably referenced in an Alan Jackson song about coming of age in a small Southern town. Chattahoochee
21%
Australia's 590-km-long Great Eastern Highway connects the city of Perth to what inland town in the Eastern Goldfields? This city paired with Boulder was founded during the Western Australian gold rushes and boasts the Super Pit gold mine. Kalgoorlie
21%
Which lake lying at the tripoint of North Macedonia, Albania, and Greece gave its name to the agreement that resolved the Macedonia naming dispute? Lake Prespa
21%
Name any one of the four départements that make up the Brittany (Bretagne) region of France. (Note: Although Loire-Atlantique is part of historical and cultural Brittany, it is currently a département of the Pays de la Loire region) Côtes-d'Armor / Finistère / Ille-et-Vilaine / Morbihan
20%
Which Alberta community, located in the Regional Municipality of Wood Buffalo, is the heart of the Athabasca oil sands industry? This community made international news in 2016 when a wildfire caused significant damage and led to widespread evacuations. Fort McMurray
20%
The cathedral where most of the 18th- to 20th-century Russian tsars are buried and a Brazilian archipelago in the Atlantic Ocean are both named (directly or indirectly) for what Biblical pair? Peter and Paul
20%
The highest mountain peak in the Lesser Antilles, a volcano which erupted on Saint Vincent in 2020-21, and a stratovolcano whose eruptions rendered half of Montserrat uninhabitable all share what name, from the French for "sulfur outlet"? Soufrière
20%
Which "Pineapple Island" is currently 98% owned by Larry Ellison, one of the founders of the Oracle Corporation? A type of roofed porch typical to the region is also named after this island. Lānaʻi
19%
What river flowing into the Gulf of Bothnia marks part of the border between Sweden and Finland and gives its name to the Finnish city twinned with the Swedish town of Haparanda? Torne / Tornio
19%
Which river, the largest tributary of the Amazon, is impounded by the Santo Antônio and Jirau dams and flows through Porto Velho, the capital of Rondônia? Madeira
17%
Any wetland designated to be of international importance is considered a "site" named for which city on the Caspian Sea? Located in Mazandaran province, this city was the site of a 1971 convention aimed at promoting the conservation of wetlands. Ramsar
17%
Which town on the northern tip of Jutland serves as its nation's leading fishing port? It was also the meeting place for a group of Scandinavian painters, of which Anna Ancher, Michael Ancher, and P. S. Krøyer are arguably the most prominent. Skagen
17%
Which village on the North Sea serves as Bruges' main port? The tragic capsizing of the MS Herald of Free Enterprise occurred at this location in 1987. Zeebrugge
17%
What seven-letter adjective refers to the ecological region associated with the lowest level of a body of water? This adjective also characterizes the organisms that inhabit that zone. Benthic
16%
The windiest stretch of ocean in the Northern Hemisphere is generally considered to be the region east of what cape, Greenland's southernmost point? Goodbye, so long, and until next time. Cape Farewell
16%
What type of fertile soil rich in humus with a name from the Russian for "black earth" is commonly found in the world's great grasslands regions such as the Canadian Prairies and Russia's Central Black Earth Region? (Russian term required) Chernozem
16%
In "The Megaliths of Upper Laos," archaeologist Madeleine Colani describes what World Heritage Site as primarily consisting of funerary urns for cremated remains, with beads and other artifacts serving as grave goods for the afterlife? Plain of Jars
16%
What word for a wetland connected to a larger body of water shares its name with the Berkshire town where the fictional Wernham Hogg Paper Company is located? Slough
16%
Which Bolivian highway, nicknamed the "Death Road", was long considered the most dangerous road in the world? Characterized by steep cliffs and foggy weather, it is notable for its left-hand driving despite Bolivia driving on the right. Yungas Road
16%
Which strait between Sakhalin and Hokkaidō is named after the French naval officer who explored it during a circumnavigation of the Earth? La Pérouse Strait
15%
Which strait lies between the islands of Hispaniola and Puerto Rico? It is also the name of the third largest Puerto Rican island after the main island and Vieques. Mona Passage
14%
Which waterfall with five distinct drops in South Africa’s Drakensberg Mountains is considered the second-highest in the world after Angel Falls, though some studies claim it is the world's tallest due to differing measurement methods? Angel Falls however remains the highest uninterrupted waterfall. Tugela Falls
14%
Connecting the Calle de Alcalá to the Plaza de España is which street considered Madrid's main thoroughfare? Due to its theaters, shopping, and unique blend of architectural styles, this boulevard is often labeled "Madrid's Broadway". Gran Vía
13%
What narrow passage on the Northern Silk Road historically formed a link between China proper and the Western Regions? This corridor's narrowest point contains Jiayu Pass, the western terminus of the Great Wall. Hexi Corridor
13%
Which Crusader castle near al-Husn, Syria, is considered one of the best-preserved medieval fortresses despite partial damage from shelling during the Syrian civil war? Krak des Chevaliers
13%
The African peninsula known as Cabo Blanco in Spanish or Cap Blanc in French is home to the largest colony of Mediterranean monk seals. Located not far from the ghost town of La Güera, what is the largest city on this peninsula? Nouadhibou
13%
Which ancient city and UNESCO site in Yemen's Hadhramaut Governorate is nicknamed the "Manhattan of the Desert" due to its mudbrick high rise buildings? Shibam
12%
What pyroclastic shield volcano in the Tibesti Mountains is the highest peak in the Sahara? This mountain is studied as a terrestrial analog for Martian volcanoes such as Elysium Mons due to its comparable lava flows and structural features. Emi Koussi
11%
What dry northeasterly wind blows from the Sahara Desert across West Africa during winter? It causes drops in air temperatures and carries large amounts of dust hundreds of kilometers out over the Atlantic Ocean. Harmattan
11%
What modern-day city on the Orontes River was formerly called Emesa? A Roman-era dam, still in use today, formed an artificial lake that drains into the Orontes and is named after this city. Homs
11%
A "jubilee" is a rare natural event in which low oxygen levels in a bay drive fish, crabs, and other marine life to the shoreline. In the United States, with which body of water is this unique phenomenon most commonly associated? Mobile Bay
11%
Derived from a Tagalog word meaning "hook", what Philippines province is recognizable by its small peninsula extending into Manila Bay? Emilio Aguinaldo, who was born there, declared the independence of the Philippines in this province. Cavite
10%
Which Pomeranian forest is famous for its unusually twisted Scots pine trees? Their distinctive shapes may have been caused by forestry techniques such as bending or weighting in order to produce curved timber for furniture or shipbuilding. Crooked Forest
10%
What lake in the Dominican Republic is the largest in the Caribbean region? One of the largest known populations of American crocodiles inhabit this lake while endemic species include Ricord's rock iguana and the Hispaniola pupfish. Lake Enriquillo
10%
Which mountain, the highest on the Indochinese Peninsula, is reachable by one of the world’s longest three-rope cable car systems? It is also home to a Great Buddha Statue considered Asia’s highest-altitude copper statue. Fansipan
9%
Which mountain range runs along the northern coast of Cyprus? It is also the Greek name of the city known in Turkish as Girne. Kyrenia Mountains
9%
What geological term partly derived from the Latin word for "wind" refers to a stone shaped and sculpted by the erosive action of windblown sand? Ventifact
8%
What folly (another word for a decorative castle) located in Gaspra, Crimea, overlooks the Black Sea coast and is widely regarded as the peninsula’s most recognizable symbol, having appeared in several Soviet-era films? Swallow's Nest
6%
Also called a tablemount, what term named for a Swiss-American geologist refers to any flat-topped underwater volcanic mountain? It is most commonly associated with the Pacific Ocean. Guyot
5%
What lowland region stretching across southern Nepal and northern India lies between the Sivalik Hills and the Indo-Gangetic Plain? This biodiverse area boasts the holy pilgrimage sites of Lumbini and Janakpur, among others. Terai
5%
No matching quizzes found
Score Distribution
Percent of People with Each Score
Percentile by Number Answered
Your Score History
You have not taken this quiz